000
00294nam a22001097a 4500
008
160518b xxu||||| |||| 00| 0 eng d
020
_a
0838555780
041
_a
eng
080
_a
618.2
245
_a
Laboratory and diagnostic tests with nursing implications:
_c
joyce LeFever Kee;
942
_2
udc
_c
BK
999
_c
2205
_d
2205